Adaptive Management From Theory to Practice (Record no. 2981)

MARC details
000 -LEADER
fixed length control field 00344nam a22001337a 4500
008 - FIXED-LENGTH DATA ELEMENTS--GENERAL INFORMATION
fixed length control field 230629b xxu||||| |||| 00| 0 eng d
020 ## - INTERNATIONAL STANDARD BOOK NUMBER
International Standard Book Number 2831705266
082 ## - DEWEY DECIMAL CLASSIFICATION NUMBER
Classification number 333.70
Item number IUCN
100 ## - MAIN ENTRY--PERSONAL NAME
Titles and words associated with a name James Oglethorpe
245 ## - TITLE STATEMENT
Title Adaptive Management From Theory to Practice
260 ## - PUBLICATION, DISTRIBUTION, ETC. (IMPRINT)
Place of publication, distribution, etc. Switzerland, UK
Name of publisher, distributor, etc. IUCN
Date of publication, distribution, etc. 2002
300 ## - PHYSICAL DESCRIPTION
Extent 166p
942 ## - ADDED ENTRY ELEMENTS (KOHA)
Source of classification or shelving scheme Dewey Decimal Classification
Koha item type Books
Holdings
Withdrawn status Lost status Source of classification or shelving scheme Damaged status Not for loan Home library Current library Date acquired Total Checkouts Full call number Barcode Date last seen Price effective from Koha item type Copy number
    Dewey Decimal Classification     County Hall Archives County Hall Archives 06/29/2023   333.70 IUCN 10013635 06/29/2023 06/29/2023 Books  
    Dewey Decimal Classification     County Hall Archives County Hall Archives 06/29/2023   333.70 IUCN 10013637 06/29/2023 06/29/2023 Books vol 3
    Dewey Decimal Classification     County Hall Archives County Hall Archives 06/29/2023   333.70 IUCN 10013634 06/29/2023 06/29/2023 Books vol 3
    Dewey Decimal Classification     County Hall Archives County Hall Archives 06/29/2023   333.70 IUCN 10013636 06/29/2023 06/29/2023 Books vol 3
LIBRARY OPENING HOURS

When the Parliament is sitting: 8.00a.m - 7.00p.m or until the house adjourns
Mondays and Fridays and when the House is on Recess:  8.00a.m - 5.00p.m
Closed on Weekends and Public Holidays

Online Public Access Catalog (OPAC)
Website: http://www.parliament.go.ke
Bunge Library: https://libraryir.parliament.go.ke
Contact: library@parliament.go.ke | Tel no: (254-2)2221291 or 2848000 Ext 5043